000 00416nam a2200157Ia 4500
008 210716s2017 xx 000 0 und d
020 _a9789386286512
041 _aeng
082 _a621.382 KAKS
100 _aKakani, S L; Punglia, Priyanka.
245 _aCommunication systems.
250 _a1
260 _aNew Delhi
_bNew Age International Pvt Ltd
_c2017
300 _axvii,456
650 _aComputer Networks
999 _c196061
_d196061